Statistics for Name a Valid Solar System Planet

Click here to take the quiz!

General Stats

  • This quiz has been taken 35 times
  • The average score is 15 of 15

Answer Stats

Name a Solar System planet...Planet% Correct
That appears mostly blue when rendered in true colorEarth | Uranus | Neptune
100%
That is a gas or ice giantJupiter | Saturn | Uranus | Neptune
100%
With ringsJupiter | Saturn | Uranus | Neptune
100%
Which is also the name of a chemical elementMercury
100%
With no known moonsMercury | Venus
100%
Closer than the Asteroid Belt to the SunMercury | Venus | Earth | Mars
100%
Smaller than EarthMercury | Venus | Mars
100%
Not named for a Roman deityEarth | Uranus
97%
That is a terrestrial planetMercury | Venus | Earth | Mars
97%
Discovered in modern timesUranus | Neptune
97%
Which takes longer to rotate on its axis than to revolve around the SunVenus
97%
That appears to experience weather-like phenomenonVenus | Earth | Mars | Jupiter | Saturn | Uranus | Neptune
97%
Located between 2 and 15 astronomical units (AU) from the SunJupiter | Saturn
93%
That is tidally locked in its orbit around the SunMercury
93%
With helium as one of the major components of its atmosphereMercury | Jupiter | Saturn | Uranus | Neptune
87%

Score Distribution

Percentile by Number Answered

Percent of People with Each Score

Your Score History

You have not taken this quiz